Carregando...
The Culture of Dissenting Memory : truth commissions in the Global South
| Autor principal: | |
|---|---|
| Formato: | Printed Book |
| Publicado em: |
London
Routledge
2019
|
| LEADER | 00467nam a22001337a 4500 | ||
|---|---|---|---|
| 999 | |c 275668 |d 275668 | ||
| 020 | |a 9780367343361 | ||
| 082 | |a 323.49091724 TAD-C | ||
| 100 | |a Tadjo,Veronique | ||
| 245 | |a The Culture of Dissenting Memory : truth commissions in the Global South | ||
| 260 | |a London |b Routledge |c 2019 | ||
| 300 | |a 171p | ||
| 942 | |c BK | ||
| 952 | |0 0 |1 0 |4 0 |6 323_490917240000000_TADC |7 0 |9 293355 |a ENG |b ENG |d 2020-03-03 |l 0 |o 323.49091724 TAD-C |p ENG15536 |r 2020-03-03 |w 2020-03-03 |y BK | ||